Perspectivas del régimen constitucional del buen vivir y del empoderamiento ciudadano : el nuevo paradigma jurídico-político del Estado constitucional intercivilizatorio de derechos de justicia /

Guardado en:
Autor Principal: Garaicoa Ortíz, Xavier
Formato: Desconocido
Idioma:Spanish
Publicado: Guayaquil : Universidad de Guayaquil, 2009
Edición:1a. ed.
Series:Teoría Político-Constitucional
Materias:
Etiquetas: Agregar Etiqueta
Sin Etiquetas, Sea el primero en etiquetar este registro!
LEADER 00700nac a22001695a 4500
001 DER.der012626
008 180615s2009####ag#||||||||||||||#||spa||
005 20260210163229.0
245 1 0 |a Perspectivas del régimen constitucional del buen vivir y del empoderamiento ciudadano :  |b el nuevo paradigma jurídico-político del Estado constitucional intercivilizatorio de derechos de justicia /  |c Xavier Garaicoa Ortíz. 
250 |a 1a. ed. 
260 |a Guayaquil :  |b Universidad de Guayaquil,  |c 2009 
300 |a 174 p. 
440 0 |a Teoría Político-Constitucional 
020 |a 9789502321783 
100 1 |a Garaicoa Ortíz, Xavier 
653 |a DERECHO CONSTITUCIONAL 
859 |a DERECHO  |b BIB. DERECHO  |h 342.02  |i GAR  |p 007467